000
00290nam a22001337a 4500
008
170215b xxu||||| |||| 00| 0 eng d
020
_a
9780397513437
041
_a
eng
080
_a
61
100
_a
4
101
_a
SHM
245
_a
THROMBOLYTIC THERAPY
_c
COMEROTA, TH.J
942
_2
udc
_c
BK
999
_c
5533
_d
5533